000 01447naa a22003737a 4500
001 BR9601817
003 BR-BrBNA
005 20240918181630.0
007 ta
008 230509b bl.||||| |||| 00| 0 por d
040 _aBR-BrBNA
_bpor
_cBiblioteca Nacional de Agricultura
041 _a(Pt)
072 _aQ52; E16
_b8952
090 _aQ52 BR9601817
100 1 _aBrondaine, L.F.
100 1 _aSouza, N.A. de
100 1 _aPereira, F.C.
100 1 _aLacerda, J.F.C.
100 1 _aSilva, J.L.B. da
100 1 _aSantos, S. dos
100 1 _aBranco, A.F.
100 1 _aCartelli, E.
100 1 _aTadatoshi, P.
100 1 _aUlbrich, A.C.
111 1 _a1. Seminario de Experiencias de Campo na Area de Criacoes
_cCuritiba, PR (Brazil)
_d30 Sep 1982
245 1 _aQuanto custa para produzir silagem
260 3 _aCuritiba, PR (Brasil):
_c1984.
500 _aGomes, P.R.M. (coord.) 1. Seminario de Experiencias de Campo na Area de Criacoes. v. 1. Bovinocultura; Forrageiras Curitiba, PR (Brasil): 1984. p. 107-118 (BR9601817-AM)Q52
650 _aSilagem
650 _aCusto de Producao
773 0 _t1. Seminario de Experiencias de Campo na Area de Criacoes. v. 1. Bovinocultura; Forrageiras
_aGomes, P.R.M. (coord.). Empresa Paranaense de Assistencia Tecnica e Extensao Rural, Curitiba, PR (Brasil)
_wQ52 BR9601817
_gCuritiba, PR (Brasil), 1984. p. 107-118
909 _a202404
_bLucia
_c55
_dLucia Elande
942 _cAM
_2AGRIS
999 _c326152
_d326152